Obálka Náhled e-knihy:
PDF Epub
Pro půjčování e-knih musíte být přihlášeni.
Jak si půjčit online?

Strach a úzkost a jak na ně /

Renomovaný psychiatr podává téma strachu z různých úhlů a vysvětluje, jak pracovat se svými emocemi i ve složitých situacích.

Uloženo v:
Hlavní autor: Honzák, Radkin, 1939- (Autor)
Médium: E-kniha
Jazyk:Czech
Vydáno: V Praze : Vyšehrad, 2023
Vydání:Vydání první
Edice:Zdraví a životní styl
Témata:
Tagy:
Žádné tagy
LEADER 02646nam a2200577 i 4500
001 312132
003 CZ PrSKC
005 20260601215717.0
007 ta
008 231017s2023 xr a e f 000 0 cze
015 |a cnb003555983 
020 |a 9788076018587  |q (vázáno) 
035 |a (OCoLC)1412781545 
040 |a OLA001  |b cze  |d ABA001  |e rda 
072 7 |a 159.93/.94  |x Senzorické a motorické funkce. Emoce. Vůle  |2 Konspekt 
080 |a 159.942  |2 MRF 
080 |a 159.913  |2 MRF 
080 |a 615.8-022.214  |2 MRF 
080 |a 159.923.5  |2 MRF 
080 |a (035)  |2 MRF 
100 1 |a Honzák, Radkin,  |d 1939-  |7 jn19990209257  |4 aut 
245 1 0 |a Strach a úzkost a jak na ně /  |c Radkin Honzák 
250 |a Vydání první 
264 1 |a V Praze :  |b Vyšehrad,  |c 2023 
300 |a 111 stran :  |b ilustrace ;  |c 22 cm 
336 |a text  |b txt  |2 rdacontent 
337 |a bez média  |b n  |2 rdamedia 
338 |a svazek  |b nc  |2 rdacarrier 
490 1 |a Zdraví a životní styl 
500 |a Terminologický slovník 
504 |a Obsahuje bibliografické odkazy 
520 2 |a Renomovaný psychiatr podává téma strachu z různých úhlů a vysvětluje, jak pracovat se svými emocemi i ve složitých situacích.  |b Z evolučního hlediska jsou strach a úzkost velmi prospěšné, protože přicházejí ve chvílích ohrožení a díky nim je lidský mozek neustále připraven čelit nebezpečí. Problém nastává, když se tyto pocity objevují v důsledku nepřiměřeně malých podnětů, nebo dokonce přicházejí samy od sebe. Nakladatelská anotace. Kráceno. 
650 0 7 |a úzkost  |7 ph128368  |2 czenas 
650 0 7 |a strach  |7 ph117268  |2 czenas 
650 0 7 |a zvládání stresu  |7 ph135858  |2 czenas 
650 0 7 |a autoterapie  |7 ph221954  |2 czenas 
650 0 7 |a sebeřízení  |7 ph303239  |2 czenas 
650 0 9 |a anxiety  |2 eczenas 
650 0 9 |a fear  |2 eczenas 
650 0 9 |a stress management  |2 eczenas 
650 0 9 |a autotherapy  |2 eczenas 
650 0 9 |a self-management  |2 eczenas 
655 7 |a příručky  |7 fd133209  |2 czenas 
655 9 |a handbooks and manuals  |2 eczenas 
830 0 |a Zdraví a životní styl 
900 |a ABA001  |b 19 
928 9 |a Albatros Media - Vyšehrad 
044 |a xr 
910 |a RBIT002 
998 |d 388504  |a https://core.palmknihy.cz/api/books/388504/cover?s2b0jk  |b https://core.palmknihy.cz/api/books/388504/cover/400?s2b0jk  |c https://core.palmknihy.cz/api/books/388504/cover/50?s2b0jk  |e 2033-12-31  |g 112  |i 9788076018587  |j https://core.palmknihy.cz/api/books/388504/preview.epub  |k https://core.palmknihy.cz/api/books/388504/preview.pdf  |l   |q 49  |r 1  |s https://www.palmknihy.cz/kniha/388504  |t ebook  |y 2023  |z 0 
999 |d 312130